LIBRARY & INFORMATION CENTRE, KCAET, TAVANUR

ONLINE PUBLIC ACCESS CATALOGUE (OPAC)

Glossary of terms and classification of earth-moving machines Part 3 motor and toner scrapers IS; 4988 (Part III)-1968 (Record no. 10560)

MARC details
000 -LEADER
fixed length control field 00689cam a2200145ua 4500
041 ## - LANGUAGE CODE
Language code of text/sound track or separate title eng
082 ## - DEWEY DECIMAL CLASSIFICATION NUMBER
Classification number 621.878
Item number IND/GL
245 ## - TITLE STATEMENT
Title Glossary of terms and classification of earth-moving machines Part 3 motor and toner scrapers IS; 4988 (Part III)-1968
260 ## - PUBLICATION, DISTRIBUTION, ETC. (IMPRINT)
Place of publication New Delhi :
Name of publisher Indian Standards Institution ,
Year of publication 1968.
300 ## - PHYSICAL DESCRIPTION
Number of Pages 9 :
Other physical details 506 ; .
942 ## - ADDED ENTRY ELEMENTS (KOHA)
Koha item type Books
Holdings
Withdrawn status Lost status Damaged status Home library Current library Date acquired Full call number Accession Number Koha item type
      KAUAET KAUAET 07/04/2012 621.878 17362 Standards
free website counter